| 000 | 00484nam a2200145Ia 4500 | ||
|---|---|---|---|
| 008 | 231221s9999 xx 000 0 und d | ||
| 041 | _aEnglish | ||
| 082 | _a371.2 PAD;1 R | ||
| 100 | _aPadmaprasaad, S P | ||
| 245 | 0 | _aShaalegala nirvahane : Bangalore mattu Tumkur V.V.gala B.Ed patyakramadante (Prakatane-82) | |
| 260 |
_c2005 _bSumukha _aBangalore |
||
| 300 | _a158 | ||
| 650 | _aShaalegala,nirvahane,:,mattu,Tumkur,V.V.gala,B.Ed,patyakramadante,(Prakatane-82) | ||
| 942 | _cED | ||
| 999 |
_c206883 _d206883 |
||